| 000 | 01826nam a2200301 i 4500 | ||
|---|---|---|---|
| 003 | DO-SdBNP | ||
| 005 | 20240205101434.0 | ||
| 006 | a||||fr|||| 00| 0 | ||
| 007 | ta | ||
| 008 | 240201b |||ad||| |||| 00| 0 spa d | ||
| 040 |
_aDO-SdBNP _bspa _cBNPHU _erda |
||
| 082 | 4 |
_222 _bF897c |
|
| 100 | 1 |
_aFrías Muñoz, Octavio, _957094 _eautor |
|
| 245 | 1 | 0 |
_aContabilidad operacional / _cOctavio Frías Muñoz. |
| 264 |
_aSanto Domingo : _bCENTU, _c[200?] |
||
| 300 |
_a2 v. : _bIlustraciones, gráficas ; _c27 cm. |
||
| 336 |
_2rdacontent _atexto _btxt |
||
| 337 |
_2rdamedia _asin mediación _bn |
||
| 338 |
_2rdacarrier _avolumen _bnc |
||
| 500 | _aLa biblioteca posee v.1, v.2 (segunda edición) y v.3 | ||
| 504 | _aBibliografía: página 39, [54]. | ||
| 505 |
_av.1 _gContabilidad Operacional I _tTema I: Antecedentes Histórico de la Contabilidad.-- Tema II: Conceptos y objetivos de la contabilidad.-- _tTema III: Clasificación de las Empresas de Acuerdo a su Actividad Comercial.-- Tema IV: Iniciando un Sistema de Contabilidad.-- _tTema V. Los Libros de Contabilidad.-- Tema VI: Clasificación de las Cuentas.-- Tema VII: Ventas y Compras, Conceptos, Devoluciones y Descuentos.-- _tTema VIII: Documentos Mercantiles.-- Tema IX: Transacciones Comerciales: Registro.-- Tema X: Balanza de Comprobación.-- _tTema XI: Asientos De Ajustes.-- Tema XII: Cierre De los Libros y Balanzas de Comrpobación Post-Cierre.-- Tema XIII: Práctica. |
||
| 505 |
_av.2 _gContabilidad Operacional III. _gTema I: _tInventariado.-- _gTema II: _tContabilidad de Costo.-- _gTema III: _tImpuestos, Origen, Concepto y Aplicaciones.-- _gTema IV: _tAuditoría. |
||
| 590 | _aInventariado 2024 / MF | ||
| 650 | 4 |
_aContabilidad _xManuales _921596 |
|
| 710 | 2 |
_aCentro de Tecnología Universal (CENTU), República Dominicana. _973613 |
|
| 942 |
_2ddc _cLBS1 |
||
| 999 |
_c55755 _d55755 |
||